00640nam a2200193Ia 4500008004100000020001400041082001600055100004100071245007100112250000700183260004500190300002700235500001500262600002000277650002000297942000700317952010700324999001500431240925s9999 xx 000 0 und d a132946041 a364.973 MUR aMuraskin, Roslyn; Roberts ,Albert R. 0aVisions for Change: crime and justice in the twenty first century  aNA aNew Jersey:bPrintice- Hall Int.c,1996. axi,244p.bNAfOriginal aReferences aSocial Sciences aSocial Sciences cBK 001040708SSaUITUbUITUd2000-08-16eNAl0o364.973 MURpQ2755r2024-09-25 07:12:54w2024-09-25yBK c5254d5254